Statistiken für Liedtext - Roller - Apache 207

Klicken Sie hier um das Quiz zu spielen!

Allgemein

  • Dieses Quiz wurde 753 mal gespielt
  • Das Durchschnittsergebnis liegt bei 165 aus 302

Antwortstatistiken

Textquiz% Korrekt
ich
92%
Rolle
89%
Wenn
87%
wenn
87%
Sie
86%
sie
86%
sie
86%
wieder
86%
Apache
84%
di
84%
Roller
82%
bleibt
81%
gleich
81%
die
79%
los
79%
muss
78%
schrei'n
76%
ab
74%
mein
74%
Mein
74%
mein'n
74%
Brudi
72%
machen
72%
er
71%
und
71%
'ne
70%
mir
69%
von
67%
der
66%
Kopf
66%
nicht
66%
Aber
65%
aber
65%
aus
65%
Koks
65%
auf
64%
Da
64%
den
64%
Fotos
64%
Taschen
64%
Warum
64%
du
63%
nur
63%
platzen
61%
Reden
61%
Trotz
61%
trag'
60%
fickt
59%
go
58%
meine
58%
na
58%
Na
58%
doch
56%
Doch
56%
Gucci-Sandalen
56%
mit
56%
dem
55%
dein'n
54%
es
54%
ihr
54%
in
53%
Trotzdem
53%
Gott
52%
müssen
52%
nach
52%
lieber
51%
sei
51%
Bin
50%
kann's
50%
Weg
50%
glauben
48%
ne
48%
du's
47%
Messerstecherei'n
47%
zu
47%
Party
46%
rollt
46%
so
46%
das
45%
Bro
44%
Baby
43%
deine
43%
mal
43%
mich
43%
unsre
43%
meinem
42%
angenehm
41%
ist
41%
Wespe
41%
PS
40%
Stadt
40%
wird
40%
euch
39%
geht
39%
platzt
39%
Harten
38%
Zähl'
37%
Dank
36%
Schafe
36%
zähl'n
36%
Barbie
35%
eins
35%
Eins
35%
im
35%
schützt
35%
zehn
35%
zum
35%
besser
34%
eure
33%
gegen
33%
let's
33%
Markier
33%
Tat
33%
Abi
32%
bei
32%
man
32%
sein'n
32%
vom
32%
bringt
31%
jetzt
30%
Bitch
29%
Kawasaki
29%
Kickdown
29%
Radio
29%
Sache
29%
Siebzig
29%
heut
28%
hol'n
28%
Papi
28%
Schwänze
28%
Tradition
28%
auch
27%
Grund
27%
läuft
27%
lutschen
27%
scheiß
27%
eine
26%
kannst
26%
oder
26%
oh
26%
Pissern
26%
willst
26%
Body
25%
box'
25%
kleinen
25%
Merkt
25%
Bombe
24%
Macht
24%
sticht
24%
checken
23%
Kardio
23%
Seh'n
23%
Steig'
23%
Brrm
22%
brrm
22%
like
22%
Ob
22%
Ruf
22%
Unterhemd
22%
ohne
21%
rüber
21%
Hood-Safari
20%
kriegt
20%
Party-Hoes
20%
Kilogramm
19%
Definition
18%
vergisst
18%
Schiel'n
17%
Speedfight
17%
sitzt
16%
105
15%
Cruis'
15%
ruft
15%
Haaren
14%
hinter
14%
offenen
14%

Verteilung der Resultate

Perzentil nach korrekt beantworteten Fragen

Anzahl Personen mit jedem Resultat

Ihre Resultats-Entwicklung

Sie haben dieses Quiz noch nicht gespielt